| 000 | 01831cam a2200313 i 4500 | ||
|---|---|---|---|
| 999 |
_c11297 _d11297 |
||
| 003 | OSt | ||
| 005 | 20230321141841.0 | ||
| 008 | 141210s2015 enkab b 001 0 eng d | ||
| 010 | _a 2014959022 | ||
| 020 | _a9780198748618 | ||
| 042 | _alccopycat | ||
| 050 | 0 | 0 |
_aG70.212 _b.B87 2015 |
| 082 | 0 | 4 |
_a910.285 _223 |
| 100 | 1 |
_aBurrough, P. A., _eauthor. |
|
| 245 | 1 | 0 |
_aPrinciples of geographical information systems / _cPeter A. Burrough, Rachael A. McDonnell and Christopher D. Lloyd. |
| 250 | _aThird edition. | ||
| 300 |
_axv, 330 pages : _bcolor illustrations, maps ; _c27 cm |
||
| 504 | _aIncludes bibliographical references and index. | ||
| 505 | 0 | _a1. Geographical information systems and society -- 2. Special data and their models : formal abstractions of reality -- 3. Geographical data in the computer -- 4. Data input and verification -- 5. Visualization -- 6. Exploring geographical data -- 7. Analysis of discrete entities in space -- 8. Interpolation 1 : deterministic and spline-based approaches -- 9. Interpolation 2 : geostatistical approaches -- 10. Analysis of continuous fields -- 11. Digital elevation models -- 12. Space-time modelling and error propagation -- 13. Fuzzy sets and fuzzy geographical objects -- 14. GIS, transformations, and future developments. | |
| 650 | 0 | _aGeographic information systems. | |
| 650 | 7 |
_aGeographic information systems. _2fast |
|
| 700 | 1 |
_aMcDonnell, Rachael, _eauthor. |
|
| 700 | 1 |
_aLloyd, Christopher D., _eauthor. |
|
| 856 | 4 | 2 |
_3Publisher description _uhttps://www.loc.gov/catdir/enhancements/fy1613/2014959022-d.html |
| 856 | 4 | 1 |
_3Table of contents only _uhttps://www.loc.gov/catdir/enhancements/fy1613/2014959022-t.html |
| 906 |
_a7 _bcbc _ccopycat _d2 _encip _f20 _gy-gencatlg |
||
| 942 | _2ddc | ||